000 00554cab a2200181 4500
001 WB2431-34
008 090401t1988 xxu||||| |||| 00| 0 eng d
035 _a(Sirsi) u4394
041 _aeng
245 _aFinance Act passes into law
260 _c1988
350 _a0
490 _aDaily Telegraph
_v1/8/88 p23
520 _aAnalyses the provisions and changes made during the time between the Chancellor`s Budget speech on March 15 and Royal Assent being given to the Finance Act 1988 .
690 _aTAXATION
942 _n0
948 _c04/03/1997
999 _c2641
_d2641